000 00722nam a22001697a 4500
999 _c62558
_d62558
005 20241206144313.0
008 241206s2018 ru ||||| |||| 00| 0 rus d
020 _a9785905641480x
041 _arus
080 _a159.923 K-41
100 _aКинг, Патрик
_923889
245 _aКак улучшить навыки общения :
_bСтроить отношения и управлять ими, эффективно общаться, понимать других и стать душой компании /
_cПатрик Кинг.
264 _aМосква :
_bБиблос,
_c2018.
300 _a240 стр.:
_bилл.;
_c24 см.
653 _aფსიქოლოგია
942 _2udc
_cᲬᲘᲒᲜᲘ